000 00954nam a2200373Ia 4500
001 7381
005 20240113234012.0
007 ta
008 050705s a g b000 u eng u
020 _cHB
040 _aCotton College,Assam
041 _aeng
082 _a551.6
_bH 281 P
100 _aHatch, F.H. .
245 0 _aPetrology of the Igneous Rocks: Vol. 1 /
_cF.H. Hatch, A.K. Wells & M.K. Wells.
_hTextual Documents
250 _a13th ed. /
260 _aDelhi :
_bCBS Publishers & Distributors ,
_cill.
300 _a546p. :
_bill. ;
_c23cm .
504 _aIndex
653 _aGeology
653 _aPetrology
653 _aIgneous rocks
653 _aRocks-Igneous
653 _aPetroleum geology
653 _aPG-Geology
653 _aG-Geology
700 _aWells, A.K. .
700 _aWells, M.K. .
942 _2ddc
_cBK
999 _c7368
_d7368